University mathematics: (Record no. 614518)
[ view plain ]
| 000 -LEADER | |
|---|---|
| fixed length control field | 00867nam a22002172a 4500 |
| 040 ## - CATALOGING SOURCE | |
| Transcribing agency | NSHS |
| 082 ## - DEWEY DECIMAL CLASSIFICATION NUMBER | |
| Classification number | 510 |
| Author Mark | AHM |
| 100 1# - MAIN ENTRY--PERSONAL NAME | |
| Personal name | Ahmad, Bashir |
| 9 (RLIN) | 28792 |
| 245 ## - TITLE STATEMENT | |
| Title | University mathematics: |
| Remainder of title | for B. Pharmacy, Chemistry, Economics, Education Intermediate Computer Science Students / |
| Statement of responsibility, etc. | by Dr Bashir Ahmad, Dr Moizuddin Khan. |
| 250 ## - EDITION STATEMENT | |
| Edition statement | Seventh edition |
| 260 ## - PUBLICATION, DISTRIBUTION, ETC. | |
| Place of publication, distribution, etc. | Multan: |
| Name of publisher, distributor, etc. | Idea Publishers, |
| Date of publication, distribution, etc. | 2022 |
| 300 ## - PHYSICAL DESCRIPTION | |
| Extent | (viii), [288 pages]: |
| Other physical details | illustrations |
| 546 ## - LANGUAGE NOTE | |
| Language note | In English. |
| 650 #0 - SUBJECT ADDED ENTRY--TOPICAL TERM | |
| Topical term or geographic name entry element | Mathematics |
| General subdivision | Study and teaching |
| 9 (RLIN) | 39014 |
| 650 #0 - SUBJECT ADDED ENTRY--TOPICAL TERM | |
| Topical term or geographic name entry element | Mathematics |
| General subdivision | Problems, exercises, etc. |
| 9 (RLIN) | 39058 |
| 650 #0 - SUBJECT ADDED ENTRY--TOPICAL TERM | |
| Topical term or geographic name entry element | Mathematics |
| General subdivision | Textbooks |
| 9 (RLIN) | 130293 |
| 650 #0 - SUBJECT ADDED ENTRY--TOPICAL TERM | |
| Topical term or geographic name entry element | Mathematics |
| General subdivision | Popular works |
| 9 (RLIN) | 32521 |
| 700 3# - ADDED ENTRY--PERSONAL NAME | |
| Personal name | Khan, Moizuddin |
| 9 (RLIN) | 130294 |
| 942 ## - ADDED ENTRY ELEMENTS (KOHA) | |
| Source of classification or shelving scheme | |
| Koha item type | Book |
| Withdrawn status | Lost status | Source of classification or shelving scheme | Damaged status | Not for loan | Permanent Location | Current Location | Shelving location | Date acquired | Source of acquisition | Cost, normal purchase price | Full call number | Barcode | Date last seen | Copy number | Cost, replacement price | Price effective from | Koha item type |
|---|---|---|---|---|---|---|---|---|---|---|---|---|---|---|---|---|---|
| NUST School of Health Sciences (NSHS) | NUST School of Health Sciences (NSHS) | General Stacks | 08/07/2025 | Golden Books | 995.00 | 510 AHM | NSHS-2037 | 08/18/2025 | c.1 | 1990.00 | 08/07/2025 | Book | |||||
| NUST School of Health Sciences (NSHS) | NUST School of Health Sciences (NSHS) | General Stacks | 08/07/2025 | Golden Books | 995.00 | 510 AHM | NSHS-2038 | 08/18/2025 | c.2 | 1990.00 | 08/07/2025 | Book | |||||
| NUST School of Health Sciences (NSHS) | NUST School of Health Sciences (NSHS) | General Stacks | 08/07/2025 | Golden Books | 995.00 | 510 AHM | NSHS-2039 | 08/18/2025 | c.3 | 1990.00 | 08/07/2025 | Book | |||||
| NUST School of Health Sciences (NSHS) | NUST School of Health Sciences (NSHS) | General Stacks | 08/07/2025 | Golden Books | 995.00 | 510 AHM | NSHS-2040 | 08/18/2025 | c.4 | 1990.00 | 08/07/2025 | Book | |||||
| Not For Loan | NUST School of Health Sciences (NSHS) | NUST School of Health Sciences (NSHS) | Reference | 08/07/2025 | Golden Books | 995.00 | R 510 AHM | NSHS-2041 | 08/18/2025 | c.5 | 1990.00 | 08/07/2025 | Book |
